<?xml version="1.0" encoding="UTF-8"?>
<collection xmlns="http://www.loc.gov/MARC21/slim">
 <record>
  <leader>02038nam a2200289 a 4500</leader>
  <controlfield tag="001">TVCDKTCT9254</controlfield>
  <controlfield tag="003">Thư viện trường Cao đẳng Kỹ thuật Cao Thắng</controlfield>
  <controlfield tag="005">20080505000000</controlfield>
  <controlfield tag="008">080505</controlfield>
  <datafield tag="980" ind1="\" ind2="\">
   <subfield code="a">Thư viện Trường CĐ Kỹ Thuật Cao Thắng</subfield>
  </datafield>
  <datafield tag="024" ind1=" " ind2=" ">
   <subfield code="a">RG_1 #1 eb0 i1</subfield>
  </datafield>
  <datafield tag="041" ind1="0" ind2="#">
   <subfield code="a">vie</subfield>
  </datafield>
  <datafield tag="082" ind1="#" ind2="#">
   <subfield code="a">621.402 / </subfield>
   <subfield code="b">S450T-ng</subfield>
  </datafield>
  <datafield tag="100" ind1="1" ind2="#">
   <subfield code="a">Nguyễn Chung Cảng</subfield>
  </datafield>
  <datafield tag="245" ind1="0" ind2="0">
   <subfield code="a">Sổ tay nhiệt luyện: Tập II /</subfield>
   <subfield code="c">Nguyễn Chung Cảng</subfield>
  </datafield>
  <datafield tag="250" ind1="#" ind2="#">
   <subfield code="a">In lần thứ 1</subfield>
  </datafield>
  <datafield tag="260" ind1="#" ind2="#">
   <subfield code="a">H. :</subfield>
   <subfield code="b">Khoa học  và Kỹ thuật ,</subfield>
   <subfield code="c">2007</subfield>
  </datafield>
  <datafield tag="300" ind1="#" ind2="#">
   <subfield code="a">559tr. ;</subfield>
   <subfield code="c">27cm</subfield>
  </datafield>
  <datafield tag="520" ind1="#" ind2="#">
   <subfield code="a">Nội dung cuốn sách &quot;Sổ tay nhiệt luyện: Tập II&quot; nêu lên thành phần, tổ chức, tính chất, công dụng của các loại thép, gang, hợp kim màu và các quy trình công nghệ nhiệt luyện đang được dùng rộng rãi ở các nước phát triển như nước ta. Cuốn sách này nhằm phục vụ công nhân, cán bộ kỹ thuật cơ khí, động lực và luyện kim, làm tài liệu tham khảo cho các học sinh các trường đại học và trung học chuyên nghiệp. Ngoài ra còn có ích cho cán bộ làm công tác bảo quản phân phối và sử dụng vật liệu. Cuốn sách bắt đầu từ phần và chương tiếp theo  của tập 1 và được trình bày như sau:</subfield>
  </datafield>
  <datafield tag="520" ind1="#" ind2="#">
   <subfield code="a">Phần III. Quy trình nhiệt luyện</subfield>
  </datafield>
  <datafield tag="520" ind1="#" ind2="#">
   <subfield code="a">Chương 9: Nhiệt luyện các chi tiết sau cán và rèn</subfield>
  </datafield>
  <datafield tag="520" ind1="#" ind2="#">
   <subfield code="a">Chương 10: Nhiệt luyện các chi tiết máy</subfield>
  </datafield>
  <datafield tag="520" ind1="#" ind2="#">
   <subfield code="a">Chương 11: Nhiệt luyện dụng cụ và khuôn dập</subfield>
  </datafield>
  <datafield tag="520" ind1="#" ind2="#">
   <subfield code="a">Chương 12: Nhiệt luyện thép và hợp kim đặc biệt</subfield>
  </datafield>
  <datafield tag="520" ind1="#" ind2="#">
   <subfield code="a">Phần IV. Phụ lục</subfield>
  </datafield>
  <datafield tag="650" ind1="#" ind2="4">
   <subfield code="a">Nhiệt luyện</subfield>
  </datafield>
  <datafield tag="650" ind1="#" ind2="4">
   <subfield code="a">Nhiệt luyện kim loại</subfield>
  </datafield>
 </record>
</collection>
